Statistiken für PSE Quiz

Klicken Sie hier um das Quiz zu spielen!

Allgemein

  • Dieses Quiz wurde 29,742 mal gespielt
    (24,616 seit der letzten Aktualisierung)
  • Das Durchschnittsergebnis liegt bei 60 aus 118

Antwortstatistiken

# Sym Element % Korrekt
1HWasserstoff
96%
2HeHelium
94%
8OSauerstoff
93%
79AuGold
91%
6CKohlenstoff
90%
47AgSilber
89%
26FeEisen
88%
7NStickstoff
85%
11NaNatrium
84%
10NeNeon
83%
12MgMagnesium
82%
17ClChlor
80%
19KKalium
80%
3LiLithium
79%
29CuKupfer
79%
18ArArgon
78%
16SSchwefel
78%
20CaCalcium
77%
13AlAluminium
77%
9FFluor
77%
5BBor
76%
30ZnZink
75%
54XeXenon
75%
92UUran
75%
35BrBrom
74%
53IIod
72%
82PbBlei
71%
50SnZinn
71%
4BeBeryllium
70%
80HgQuecksilber
68%
15PPhosphor
68%
14SiSilicium
67%
86RnRadon
66%
28NiNickel
66%
32GeGermanium
66%
99EsEinsteinium
65%
78PtPlatin
65%
25MnMangan
63%
36KrKrypton
63%
33AsArsen
61%
22TiTitan
61%
88RaRadium
61%
34SeSelen
60%
27CoCobalt
59%
94PuPlutonium
58%
31GaGallium
58%
55CsCaesium
58%
24CrChrom
57%
56BaBarium
55%
74WWolfram
55%
87FrFrancium
54%
38SrStrontium
53%
110DsDarmstadtium
51%
84PoPolonium
51%
23VVanadium
50%
37RbRubidium
49%
49InIndium
47%
52TeTellur
47%
39YYttrium
46%
83BiBismut
45%
46PdPalladium
45%
42MoMolybdän
45%
48CdCadmium
44%
77IrIridium
44%
104RfRutherfordium
44%
85AtAstat
44%
21ScScandium
43%
51SbAntimon
42%
81TlThallium
42%
57LaLanthan
41%
98CfCalifornium
40%
41NbNiob
40%
76OsOsmium
39%
73TaTantal
39%
58CeCer
38%
45RhRhodium
38%
43TcTechnetium
38%
40ZrZirconium
37%
93NpNeptunium
37%
72HfHafnium
37%
95AmAmericium
36%
63EuEuropium
36%
44RuRuthenium
35%
96CmCurium
34%
89AcActinium
34%
108HsHassium
33%
75ReRhenium
33%
107BhBohrium
33%
90ThThorium
31%
70YbYtterbium
31%
60NdNeodym
29%
101MdMendelevium
29%
111RgRoentgenium
29%
102NoNobelium
28%
103LrLawrencium
28%
115McMoscovium
28%
117TsTennessin
27%
118OgOganesson
27%
109MtMeitnerium
27%
68ErErbium
27%
105DbDubnium
26%
106SgSeaborgium
26%
112CnCopernicium
26%
97BkBerkelium
26%
62SmSamarium
25%
71LuLutetium
25%
59PrPraseodym
24%
65TbTerbium
24%
100FmFermium
24%
67HoHolmium
24%
91PaProtactinium
24%
64GdGadolinium
23%
69TmThulium
23%
61PmPromethium
23%
116LvLivermorium
23%
113NhNihonium
21%
114FlFlerovium
21%
66DyDysprosium
20%

Verteilung der Resultate

Perzentil nach korrekt beantworteten Fragen

Anzahl Personen mit jedem Resultat

Ihre Resultats-Entwicklung

Sie haben dieses Quiz seit der letzten Aktualisierung nicht gespielt